[Event "K41 Foraars EMT Mesterklassen 2008"]
[Site "Valby"]
[Date "2008.03.25"]
[Round "1"]
[White "Jensen, Soren Holm"]
[Black "Walli, Aqil Raad"]
[Result "1-0"]
[WhiteElo "2009"]
[BlackElo "1749"]
[PlyCount "28"]
[EventDate "2008.??.??"]

1. e4 c5 2. Nf3 d6 3. d4 cxd4 4. Qxd4 Bd7 5. c4 Nc6 6. Qd2 Nf6 7. Nc3 e6 8. b3
a6 9. Bb2 Be7 10. Be2 O-O 11. O-O Qc7 12. Rac1 Qb6 13. h3 Ne5 14. Nd4 Rac8 1-0

[Event "K41 Foraars EMT Mesterklassen 2008"]
[Site "Valby"]
[Date "2008.04.07"]
[Round "1"]
[White "Jorgensen, Rasmus"]
[Black "Jorgensen, Kasper Moller"]
[Result "0-1"]
[WhiteElo "1954"]
[BlackElo "1967"]
[PlyCount "96"]
[EventDate "2008.??.??"]

1. e4 e5 2. Nf3 Nc6 3. Bb5 f5 4. d3 Nf6 5. O-O Bc5 6. Nc3 d6 7. exf5 O-O 8. Ne4
Bb6 9. Ng3 Ng4 10. Bxc6 bxc6 11. Bg5 Nxf2 12. Rxf2 Bxf2+ 13. Kxf2 Qe8 14. Kg1
Bxf5 15. Nxf5 Rxf5 16. Qd2 Qh5 17. Be3 Raf8 18. Rf1 a5 19. h3 Qg6 20. Nh2 Rxf1+
21. Nxf1 Qf7 22. Ng3 Qxa2 23. Qc3 Qd5 24. Bd2 a4 25. Ne4 Rb8 26. Bc1 Rf8 27.
Ng5 h6 28. Ne4 Rb8 29. Bxh6 Qa2 30. Bc1 Qb1 31. Qd2 Rxb2 32. Qg5 Rxc2 33. Qd8+
Kh7 34. Ng5+ Kh6 35. Qh8+ Kg6 36. Qh7+ Kf6 37. Ne4+ Ke6 38. Qg8+ Kd7 39. Qxg7+
Kc8 40. Qg4+ Kb7 41. Nxd6+ cxd6 42. Qd7+ Ka6 43. Kh2 Rxc1 44. Qxd6 Rh1+ 45. Kg3
Qe1+ 46. Kg4 Qe2+ 47. Kg3 Qe3+ 48. Kg4 Qd4+ 0-1

[Event "K41 Foraars EMT Mesterklassen 2008"]
[Site "Valby"]
[Date "2008.05.05"]
[Round "1"]
[White "Lofberg, Jan"]
[Black "Hollesen, Kurt"]
[Result "1-0"]
[WhiteElo "1887"]
[BlackElo "1990"]
[PlyCount "77"]
[EventDate "2008.??.??"]

1. e4 e6 2. d3 d5 3. Nd2 c5 4. e5 Nd7 5. f4 Ne7 6. c4 Nb6 7. b4 Nf5 8. bxc5
Bxc5 9. Nb3 Bb4+ 10. Bd2 Qh4+ 11. g3 Nxg3 12. Nf3 Bxd2+ 13. Nbxd2 Qh6 14. hxg3
Qxh1 15. c5 Nd7 16. d4 O-O 17. Qc2 Qh6 18. Bd3 f5 19. Kf2 Nb8 20. Nh4 g6 21.
Rh1 Qg7 22. Bb5 Bd7 23. a4 a6 24. Bxd7 Qxd7 25. Ndf3 Kg7 26. Ng5 h6 27. Nxg6
Kxg6 28. Qe2 Rh8 29. Qh5+ Kg7 30. Ke3 Nc6 31. g4 Qe8 32. Nxe6+ Qxe6 33. gxf5
Qf7 34. Rg1+ Kf8 35. Rg6 Ke8 36. e6 Qf8 37. Rxh6+ Ke7 38. Rxh8 Qxh8 39. Qf7+
1-0

[Event "K41 Foraars EMT Mesterklassen 2008"]
[Site "Valby"]
[Date "2008.04.01"]
[Round "2"]
[White "Fredericia, Louise Winther"]
[Black "Jorgensen, Rasmus"]
[Result "1-0"]
[WhiteElo "2007"]
[BlackElo "1954"]
[PlyCount "65"]
[EventDate "2008.??.??"]

1. e4 g6 2. d4 Bg7 3. Nc3 d6 4. h3 a6 5. a4 Nd7 6. Nf3 c5 7. Be2 cxd4 8. Nxd4
Ngf6 9. O-O O-O 10. Nb3 b6 11. f4 Bb7 12. Bf3 Rc8 13. Qe2 Rc7 14. Be3 Qa8 15.
Bf2 Rfc8 16. Rad1 Rxc3 17. bxc3 Nxe4 18. Bxe4 Bxe4 19. Bd4 e5 20. fxe5 dxe5 21.
Be3 Qc6 22. a5 Bf8 23. axb6 Nxb6 24. Qf2 Nd5 25. Qxf7+ Kh8 26. Nd4 Qe8 27. Ne6
Qxf7 28. Rxf7 Nxe3 29. Rdd7 Kg8 30. Nxf8 Rxf8 31. Rg7+ Kh8 32. Rxh7+ Kg8 33.
Rdg7# 1-0

[Event "K41 Foraars EMT Mesterklassen 2008"]
[Site "Valby"]
[Date "2008.04.01"]
[Round "2"]
[White "Hollesen, Kurt"]
[Black "Jensen, Soren Holm"]
[Result "0-1"]
[WhiteElo "1990"]
[BlackElo "2009"]
[PlyCount "96"]
[EventDate "2008.??.??"]

1. c4 Nf6 2. Nc3 e6 3. e4 d5 4. e5 d4 5. exf6 dxc3 6. dxc3 Qxd1+ 7. Kxd1 gxf6
8. Be3 e5 9. Bd3 Be6 10. Ne2 f5 11. b3 Nd7 12. f4 O-O-O 13. Ke1 Nc5 14. Bc2
Nd3+ 15. Bxd3 Rxd3 16. Kf2 Bh6 17. g3 Rhd8 18. Rac1 f6 19. Rhe1 Bd7 20. Ng1 Bc6
21. fxe5 Rxe3 22. Rxe3 Bxe3+ 23. Kxe3 fxe5 24. Ke2 Be4 25. Rd1 Rxd1 26. Kxd1
Kd7 27. Kd2 Ke6 28. Ne2 Kf6 29. c5 Kg5 30. Ke3 Kg4 31. Ng1 h5 32. b4 c6 33. c4
a6 34. a4 h4 35. Kf2 hxg3+ 36. hxg3 f4 37. Ne2 Bd3 38. gxf4 Bxe2 39. Kxe2 exf4
40. a5 f3+ 41. Kf2 Kf4 42. b5 Ke4 43. Ke1 Kd4 44. bxc6 bxc6 45. Kf2 Kxc4 46.
Kxf3 Kb5 47. Ke3 Kxa5 48. Kd3 Kb4 0-1

[Event "K41 Foraars EMT Mesterklassen 2008"]
[Site "Valby"]
[Date "2008.04.01"]
[Round "2"]
[White "Moller, Arne Vagn"]
[Black "Walli, Aqil Raad"]
[Result "0-1"]
[WhiteElo "1796"]
[BlackElo "1749"]
[PlyCount "122"]
[EventDate "2008.??.??"]

1. e4 c5 2. Nf3 d6 3. d4 cxd4 4. Nxd4 Nf6 5. Nc3 e6 6. Be2 a6 7. O-O Be7 8. Kh1
b5 9. a3 Bb7 10. f3 O-O 11. Be3 Nc6 12. Nxc6 Bxc6 13. Bd3 Qc7 14. Qe1 d5 15.
exd5 Nxd5 16. Nxd5 Bxd5 17. Bd4 Bd6 18. Qh4 f5 19. f4 Be7 20. Qf2 Bf6 21. Bxf6
Rxf6 22. Rae1 Rg6 23. Rg1 Qf7 24. Re3 Rh6 25. Be2 Qf6 26. c3 Rh4 27. Rf1 Qh6
28. Qg3 Rf8 29. Bf3 Qxf4 30. Qxf4 Rxf4 31. Rfe1 Rf6 32. Bxd5 exd5 33. Re8+ Kf7
34. Rd8 Re4 35. Rd1 Rfe6 36. h3 Re1+ 37. Rxe1 Rxe1+ 38. Kh2 Re2 39. Rxd5 Ke6
40. Rc5 f4 41. Kg1 Rxb2 42. Rc6+ Kd5 43. Rxa6 Ke4 44. a4 bxa4 45. Rxa4+ Kf5 46.
Ra7 Kf6 47. c4 Rc2 48. Ra6+ Kg5 49. Ra7 Kh6 50. Rc7 g5 51. c5 Kg6 52. c6 h6 53.
Rc8 Kh5 54. c7 Kh4 55. Rh8 Rxc7 56. Rxh6+ Kg3 57. Kf1 Rc1+ 58. Ke2 Kxg2 59. Rg6
f3+ 60. Ke3 Re1+ 61. Kd2 Re5 0-1

[Event "K41 Foraars EMT Mesterklassen 2008"]
[Site "Valby"]
[Date "2008.04.08"]
[Round "3"]
[White "Jorgensen, Rasmus"]
[Black "Moller, Arne Vagn"]
[Result "1-0"]
[WhiteElo "1954"]
[BlackElo "1796"]
[PlyCount "53"]
[EventDate "2008.??.??"]

1. e4 c5 2. b3 Nc6 3. Bb2 d6 4. Bb5 Bd7 5. Ne2 e5 6. O-O g6 7. d3 Bg7 8. Nd2
Nf6 9. Nc4 Qe7 10. Bxc6 Bxc6 11. f4 exf4 12. Nxf4 O-O 13. Nxd6 Qxd6 14. e5 Qd8
15. exf6 Bxf6 16. Bxf6 Qxf6 17. Qd2 Rad8 18. Rae1 Qd4+ 19. Kh1 Rfe8 20. Nh3 Qh4
21. Ng5 h6 22. Rxe8+ Bxe8 23. Nf3 Qh5 24. Qf4 Bc6 25. Ne5 Bd5 26. Ng4 Kf8 27.
Nf6 1-0

[Event "K41 Foraars EMT Mesterklassen 2008"]
[Site "Valby"]
[Date "2008.04.08"]
[Round "3"]
[White "Walli, Aqil Raad"]
[Black "Hollesen, Kurt"]
[Result "0-1"]
[WhiteElo "1749"]
[BlackElo "1990"]
[PlyCount "80"]
[EventDate "2008.??.??"]

1. e4 c6 2. d4 d5 3. e5 Bf5 4. Nf3 e6 5. c3 Nd7 6. Be3 Qb6 7. b3 a5 8. Nbd2 Ba3
9. Nh4 Bb2 10. Nxf5 exf5 11. Bd3 Ne7 12. Rb1 Bxc3 13. O-O Bxd4 14. Bxd4 Qxd4
15. Nf3 Qf4 16. g3 Qg4 17. Qe2 Nc5 18. Bc2 Ne6 19. Rbd1 O-O 20. Nd4 Qxe2 21.
Nxe2 Rfe8 22. f4 Nc5 23. Nd4 Ne4 24. Bd3 g6 25. Rc1 Nc8 26. a4 Nb6 27. Rc2 Nd7
28. Nxc6 bxc6 29. Rxc6 Ndc5 30. Bxe4 Nxe4 31. Rd1 Red8 32. Rd3 Rab8 33. Kf1
Rxb3 34. Rxb3 Nd2+ 35. Ke2 Nxb3 36. Kd3 d4 37. Kc2 d3+ 38. Kd1 Rd5 39. Rc3 Nc5
40. Rc4 d2 0-1

[Event "K41 Foraars EMT Mesterklassen 2008"]
[Site "Valby"]
[Date "2008.04.22"]
[Round "4"]
[White "Jorgensen, Kasper Moller"]
[Black "Walli, Aqil Raad"]
[Result "1-0"]
[WhiteElo "1967"]
[BlackElo "1749"]
[PlyCount "77"]
[EventDate "2008.??.??"]

1. e4 c5 2. Nf3 d6 3. d4 cxd4 4. Nxd4 Nf6 5. Nc3 e6 6. g4 a6 7. g5 Nfd7 8. h4
Nc6 9. h5 Nde5 10. Rh3 d5 11. Be3 Bb4 12. f4 Nc4 13. Bxc4 dxc4 14. Nxc6 Bxc3+
15. bxc3 Qxd1+ 16. Rxd1 bxc6 17. Rd6 e5 18. f5 O-O 19. Rxc6 g6 20. Rh2 gxf5 21.
g6 f4 22. Bc5 Rd8 23. Bd6 Bb7 24. gxf7+ Kxf7 25. Rc7+ Ke6 26. Rxb7 Kxd6 27.
Rxh7 Kc6 28. h6 Rd6 29. Ke2 Rad8 30. Kf3 Rd1 31. Rg7 Rf1+ 32. Kg4 Rf8 33. Kh5
Rd1 34. Rg5 Kd6 35. h7 Ke6 36. Rg8 Rdd8 37. Rxf8 Rxf8 38. Kg6 Rf6+ 39. Kg5 1-0

[Event "K41 Foraars EMT Mesterklassen 2008"]
[Site "Valby"]
[Date "2008.04.22"]
[Round "4"]
[White "Jorgensen, Rasmus"]
[Black "Lofberg, Jan"]
[Result "1-0"]
[WhiteElo "1954"]
[BlackElo "1887"]
[PlyCount "81"]
[EventDate "2008.??.??"]

1. e4 e5 2. Nf3 f5 3. Nxe5 Qf6 4. d4 d6 5. Nf3 fxe4 6. Nfd2 Qxd4 7. c3 Qe5 8.
Qa4+ Bd7 9. Qxe4 Nc6 10. Qxe5+ Nxe5 11. Nc4 Nxc4 12. Bxc4 O-O-O 13. Be3 c5 14.
Nd2 Nf6 15. f3 d5 16. Bb3 Bd6 17. O-O Rhe8 18. Rfe1 Bf5 19. Ba4 Bd7 20. Bc2 b6
21. Rad1 Be5 22. a4 Bc6 23. Bf2 d4 24. Nc4 Bf4 25. Rxe8 Rxe8 26. cxd4 Re2 27.
Bd3 Re8 28. dxc5 Bxa4 29. Ra1 b5 30. Nd6+ Bxd6 31. cxd6 Re5 32. Rc1+ Kd7 33.
Bg3 Rd5 34. Rc7+ Kd8 35. Be4 Rd1+ 36. Kf2 Rd2+ 37. Ke3 Nxe4 38. fxe4 Rxg2 39.
e5 Rg1 40. e6 Re1+ 41. Bxe1 1-0

[Event "K41 Foraars EMT Mesterklassen 2008"]
[Site "Valby"]
[Date "2008.04.29"]
[Round "5"]
[White "Hollesen, Kurt"]
[Black "Jorgensen, Kasper Moller"]
[Result "1-0"]
[WhiteElo "1990"]
[BlackElo "1967"]
[PlyCount "137"]
[EventDate "2008.??.??"]

1. c4 Nf6 2. Nc3 c5 3. e4 d6 4. g3 g6 5. Bg2 Bg7 6. Nge2 Nc6 7. O-O O-O 8. f4
Ng4 9. h3 Nh6 10. g4 f5 11. exf5 gxf5 12. g5 Nf7 13. h4 e5 14. d3 Ne7 15. Qe1
h6 16. Nd5 Ng6 17. Qg3 hxg5 18. fxg5 f4 19. Qh2 Ne7 20. Nxe7+ Qxe7 21. Nc3 Bg4
22. Bf3 Qd7 23. Ne4 Kh8 24. Bd2 b5 25. Qe2 Bf5 26. Rf2 d5 27. Nxc5 Qc6 28. Bxd5
Qxc5 29. Qh5+ Kg8 30. g6 Bxg6 31. Qxg6 Qb6 32. Qxb6 axb6 33. Bxa8 Rxa8 34. cxb5
Nd6 35. Bc3 Nxb5 36. Re1 Nxc3 37. bxc3 Kf7 38. Kg2 Bf6 39. Rh1 Rd8 40. Rf3 Ra8
41. Rf2 Rd8 42. Rh3 Be7 43. Rb2 Bc5 44. h5 Be3 45. h6 Kg8 46. h7+ Kh8 47. Rb5
Bc5 48. a4 Ra8 49. d4 exd4 50. cxd4 Bxd4 51. Rd5 Be3 52. Kf3 Re8 53. Rhh5 Ra8
54. Rd7 Rf8 55. Rg5 Ra8 56. Rg6 Re8 57. Rdg7 Re5 58. Rf7 Re8 59. Kg4 Rc8 60.
Re6 Rd8 61. Kh5 Bc5 62. Kg6 f3 63. Rxf3 Bd4 64. Rd3 b5 65. Rxd4 Rf8 66. axb5
Rb8 67. Rde4 Rf8 68. Re8 Rxe8 69. Rxe8# 1-0

[Event "K41 Foraars EMT Mesterklassen 2008"]
[Site "Valby"]
[Date "2008.04.29"]
[Round "5"]
[White "Jensen, Soren Holm"]
[Black "Jorgensen, Rasmus"]
[Result "0-1"]
[WhiteElo "2009"]
[BlackElo "1954"]
[PlyCount "74"]
[EventDate "2008.??.??"]

1. e4 g6 2. d4 Bg7 3. c3 d6 4. Nf3 Nd7 5. Bc4 h6 6. h3 e6 7. O-O Ne7 8. Re1 g5
9. Nbd2 Ng6 10. Nf1 Nf6 11. Ng3 b6 12. Bb5+ Bd7 13. Bxd7+ Qxd7 14. d5 O-O 15.
c4 b5 16. Qd3 bxc4 17. Qxc4 exd5 18. exd5 Rab8 19. a4 Rfe8 20. Rxe8+ Rxe8 21.
Bd2 Ne7 22. Be3 Nfxd5 23. Bd4 Nf4 24. Bxg7 Kxg7 25. Qd4+ f6 26. Qxa7 Nc6 27.
Qa6 h5 28. Rc1 Ne5 29. Nd4 Kg6 30. Qb7 c5 31. Qe4+ Kg7 32. Ndf5+ Kh8 33. Re1 d5
34. Qc2 h4 35. Nf1 Nfd3 36. N1e3 Nxe1 37. Qxc5 d4 0-1

[Event "K41 Foraars EMT Mesterklassen 2008"]
[Site "Valby"]
[Date "2008.04.29"]
[Round "5"]
[White "Lofberg, Jan"]
[Black "Moller, Arne Vagn"]
[Result "1/2-1/2"]
[WhiteElo "1887"]
[BlackElo "1796"]
[PlyCount "23"]
[EventDate "2008.??.??"]

1. e4 c5 2. d4 cxd4 3. c3 dxc3 4. Nxc3 Nc6 5. Nf3 d6 6. Bc4 e6 7. O-O Be7 8.
Bf4 Nf6 9. Qe2 Nh5 10. Be3 O-O 11. Rad1 g6 12. Bh6 1/2-1/2

[Event "K41 Foraars EMT Mesterklassen 2008"]
[Site "Valby"]
[Date "2008.05.06"]
[Round "6"]
[White "Jorgensen, Rasmus"]
[Black "Walli, Aqil Raad"]
[Result "1-0"]
[WhiteElo "1954"]
[BlackElo "1749"]
[PlyCount "49"]
[EventDate "2008.??.??"]

1. e4 c5 2. b3 d6 3. Bb2 Nc6 4. Bb5 Bd7 5. f4 e6 6. Nf3 Nf6 7. d3 Be7 8. O-O
O-O 9. Nbd2 Ng4 10. Qe2 Bf6 11. Bxf6 Nxf6 12. Rae1 Nb4 13. Bxd7 Nxd7 14. Nc4 d5
15. Nd6 Qb6 16. e5 Nxa2 17. Ng5 h6 18. Qh5 Nf6 19. exf6 Qxd6 20. Re3 Qd8 21.
fxg7 Kxg7 22. Rg3 hxg5 23. fxg5 Qb6 24. Qh6+ Kg8 25. g6 1-0

[Event "K41 Foraars EMT Mesterklassen 2008"]
[Site "Valby"]
[Date "2008.05.06"]
[Round "6"]
[White "Moller, Arne Vagn"]
[Black "Jorgensen, Kasper Moller"]
[Result "0-1"]
[WhiteElo "1796"]
[BlackElo "1967"]
[PlyCount "98"]
[EventDate "2008.??.??"]

1. e4 c5 2. Nf3 d6 3. d4 cxd4 4. Nxd4 Nf6 5. Nc3 g6 6. Be2 Bg7 7. Be3 O-O 8.
O-O Nc6 9. Kh1 Bd7 10. f4 Nxd4 11. Bxd4 Bc6 12. Bf3 Qa5 13. a3 e5 14. fxe5 dxe5
15. Be3 a6 16. Qe2 b5 17. Qf2 Qc7 18. Qh4 Nd7 19. Bg4 Nb6 20. Rad1 Nc4 21. Bc1
Rad8 22. Rd3 Rxd3 23. cxd3 Nb6 24. Rf3 f5 25. Bxf5 gxf5 26. Be3 f4 27. Bc5 Rf7
28. Rh3 Bf6 29. Qg4+ Kh8 30. Qh5 Be8 31. b4 Nd7 32. Nd5 Qc6 33. Qg6 Nf8 34. Qf5
Bd7 35. Qh5 Rg7 36. Nxf6 Qxf6 37. Qh6 Qxh6 38. Rxh6 Ng6 39. h4 Rg8 40. Rh5 Bg4
41. Rg5 h5 42. d4 exd4 43. Bxd4+ Kh7 44. Rd5 Re8 45. e5 Ne7 46. Rd6 Nf5 47.
Rd7+ Re7 48. e6 Rxd7 49. exd7 Ng3+ 0-1

[Event "K41 Foraars EMT Mesterklassen 2008"]
[Site "Valby"]
[Date "2008.03.25"]
[Round "7"]
[White "Hollesen, Kurt"]
[Black "Jorgensen, Rasmus"]
[Result "1-0"]
[WhiteElo "1990"]
[BlackElo "1954"]
[PlyCount "45"]
[EventDate "2008.??.??"]

1. c4 g6 2. Nc3 Bg7 3. e4 d6 4. g3 Nf6 5. Bg2 c6 6. Nge2 Na6 7. O-O e5 8. h3
Be6 9. d3 Nc7 10. f4 Qd7 11. Kh2 Nh5 12. f5 gxf5 13. exf5 Bxf5 14. g4 Bxg4 15.
hxg4 Qxg4 16. Bh3 Qh4 17. Ne4 Qe7 18. Bg5 f6 19. Nd4 exd4 20. Qxh5+ Kd8 21.
Nxf6 Qe5+ 22. Kh1 h6 23. Qf7 1-0

[Event "K41 Foraars EMT Mesterklassen 2008"]
[Site "Valby"]
[Date "2008.05.13"]
[Round "7"]
[White "Jensen, Soren Holm"]
[Black "Moller, Arne Vagn"]
[Result "0-1"]
[WhiteElo "2009"]
[BlackElo "1796"]
[PlyCount "58"]
[EventDate "2008.??.??"]

1. e4 c5 2. Nf3 d6 3. d4 cxd4 4. Qxd4 Nc6 5. Bb5 Bd7 6. Bxc6 Bxc6 7. Nc3 Qc7 8.
Bg5 Nf6 9. O-O-O Nd7 10. Rhe1 f6 11. Be3 b6 12. Qc4 Qb7 13. Nd5 b5 14. Qb3 Rc8
15. Qa3 e6 16. Nb4 Bxe4 17. Qxa7 Qxa7 18. Bxa7 d5 19. Nd3 Ra8 20. Be3 Bd6 21.
Nd4 Rxa2 22. Nxb5 Be7 23. Kb1 Ra5 24. Nc7+ Kf7 25. Nf4 Rc8 26. Nfxe6 Bd6 27. f3
Bg6 28. b4 Bxb4 29. Re2 Bc3 0-1

[Event "K41 Foraars EMT Mesterklassen 2008"]
[Site "Valby"]
[Date "2008.05.13"]
[Round "7"]
[White "Walli, Aqil Raad"]
[Black "Lofberg, Jan"]
[Result "1-0"]
[WhiteElo "1749"]
[BlackElo "1887"]
[PlyCount "107"]
[EventDate "2008.??.??"]

1. e4 c5 2. Nf3 Nc6 3. d4 cxd4 4. Nxd4 Nf6 5. Nc3 e6 6. a3 Be7 7. Be2 O-O 8.
Be3 a6 9. O-O d5 10. exd5 Nxd5 11. Nxd5 exd5 12. Nxc6 bxc6 13. c3 Bf5 14. Qd2
Qc7 15. Bf4 Bd6 16. Bxd6 Qxd6 17. Rad1 Rfd8 18. Bf3 Qg6 19. b4 Bc2 20. Rc1 Bb3
21. Rfe1 Re8 22. Re3 Bc4 23. Rce1 Re6 24. h3 Rae8 25. Bd1 Rxe3 26. Rxe3 Rxe3
27. Qxe3 Qe6 28. Bg4 Qxe3 29. fxe3 Kf8 30. Bf3 Ke7 31. e4 Ke6 32. Kf2 dxe4 33.
Bxe4 Bd5 34. Ke3 f5 35. Bxd5+ Kxd5 36. Kd3 g5 37. c4+ Ke5 38. a4 h5 39. Ke3 f4+
40. Kf3 Kd4 41. b5 cxb5 42. axb5 axb5 43. cxb5 Kc5 44. h4 gxh4 45. Kxf4 Kxb5
46. Kg5 Kc5 47. Kxh4 Kd6 48. Kxh5 Ke6 49. Kg6 Ke7 50. Kg7 Ke6 51. g4 Ke5 52. g5
Ke6 53. g6 Kf5 54. Kf7 1-0